00443nam a2200169Ia 4500003000400000008004100004040001600045082001700061100002100078245005800099260004200157300000800199650000900207650002600216650001300242650001800255GCL140319s9999 xx 000 0 eng d aGCL / cGCL04a751.422bR W1 aREYNALDS, GRAHAN10aWATER COLOURS: A CONCISE HISTORY / cREYNALDS, GRAHAN a[S.N] : bTHAMES AND HUDSON ، c1993 a21604aARTS04aHISTORY AND CRITICISM04aPAINTING04aWATER COLOURS